| 000 | 00518nam a22001457a 4500 | ||
|---|---|---|---|
| 999 |
_c18577 _d18577 |
||
| 008 | 231204b ||||| |||| 00| 0 eng d | ||
| 020 | _a9786214481361 | ||
| 082 |
_22021 _aDRef 499.21103 _bAl62 |
||
| 100 |
_aAlmario, Virgilio S. _950361 |
||
| 245 |
_aPambansang diksyunaryo sa Filipino / _cVirgilio S. Almario. |
||
| 260 |
_aQuezon City : _bAteneo de manila university press, _c©2021. |
||
| 300 |
_axxi, 1148 pages : _billustrations ; _c28.5 cm. |
||
| 650 |
_aFilipino language _vDictionaries. _950402 |
||
| 942 |
_2ddc _cDREF |
||